[Event "Cannes Generations"]
[Site "Cannes"]
[Date "1998.??.??"]
[Round "8"]
[White "Shaked, Tal"]
[Black "Gligoric, Svetozar"]
[Result "1/2-1/2"]
[WhiteElo "2535"]
[BlackElo "2480"]
[Annotator "Mikhalevski,V"]
[PlyCount "37"]
[EventDate "1998.02.21"]
[EventType "schev"]
[EventRounds "8"]
[EventCountry "FRA"]
[SourceTitle "CBM 065"]
[Source "ChessBase"]
[SourceDate "1998.08.06"]
[SourceVersion "1"]
[SourceVersionDate "1998.08.06"]
[SourceQuality "1"]

1. e4 e5 2. Nf3 Nc6 3. d4 exd4 4. Nxd4 Bc5 5. Nxc6 Qf6 6. Qd2 dxc6 7. Nc3 Be6
8. Na4 Rd8 9. Bd3 Bd4 10. O-O b5 {Black also tried 10...a6;10...Qh4;10...Ne7;
10...Nh6} 11. c3 ({White usually plays} 11. Nc3 Ne7 (11... Nh6 12. Ne2 (12. a4
Ng4 13. axb5 Be5 14. g3 h5 15. Qg5 h4 16. Qxf6 gxf6 17. Ne2 hxg3 18. hxg3 Nh2
19. f4 Bd6 20. f5 Bd7 21. Rd1 Bc5+ 22. Kg2 Ng4 23. Rh1 Rxh1 24. Kxh1 cxb5 25.
Bf4 Bb6 26. Kg2 Bc6 27. Nc3 b4 28. Bb5 Bxb5 29. Nxb5 Ne5 30. c3 c6 31. Nd4 Bxd4
32. cxd4 Rxd4 33. Rxa7 Rxe4 34. Bxe5 Rxe5 35. Rc7 Rc5 36. b3 Rc3 {Sziebert,
A-Acs,P/Budapest FS08 GM 1995/1/2-1/2 (59)}) 12... Bb6 13. h3 Bc4 14. Qf4 Qxf4
15. Nxf4 Bxd3 16. Nxd3 Ng8 17. a4 Ne7 18. Bf4 a5 19. b4 axb4 20. Nxb4 O-O 21.
a5 Bd4 22. Ra2 c5 23. Nd5 Nxd5 24. exd5 Rxd5 25. Bxc7 Ra8 26. g4 f5 27. Kg2
fxg4 28. hxg4 Rd7 29. Bf4 Rda7 30. c3 Bxc3 31. Be3 Rxa5 32. Rxa5 Rxa5 33. Bxc5
b4 34. Bb6 Ra6 35. Bc5 b3 36. Rd1 b2 37. Rd8+ Kf7 38. Rb8 Ra1 39. Rb7+ Ke6 {
0-1 Koskoska,G-Kim,O/Erevan olw 1996}) 12. Kh1 (12. a4 b4 13. Ne2 c5 14. Nxd4
Qxd4 15. Qf4 c4 16. Be2 Ng6 17. Qxc7 O-O 18. c3 bxc3 19. bxc3 Qxc3 20. Bg5 Rd7
21. Qc5 {1/2-1/2 Nunn,J-Flear,G/Isle of Man op 1994}) 12... Qh4 (12... Qg6 13.
Ne2 O-O 14. Nxd4 Rxd4 15. Qg5 Rd7 16. Be3 Qxg5 17. Bxg5 f5 18. f3 Ng6 19. Be3
Ne5 20. exf5 Bxf5 21. Bxf5 Rxf5 22. Rad1 a5 23. Rxd7 Nxd7 24. Kg1 Nf6 25. c3 c5
26. c4 bxc4 27. Rc1 c3 28. Rxc3 Nd5 29. Ra3 c4 30. Bc5 Nb4 31. Rxa5 Nxa2 32.
Ra8+ Kf7 33. Rf8+ Ke6 34. Rxf5 Kxf5 35. Bd4 g6 36. Kf2 Nb4 37. Ke2 {Turzo,
A-Andrade,J/EU-chJM U18 1996/1-0 (54)}) 13. Ne2 Bb6 14. a4 a6 (14... O-O 15.
Qf4 Qxf4 16. Bxf4 bxa4 17. Nc3 c5 18. Rxa4 Rd4 19. b3 Bxb3 20. Rxd4 cxd4 21.
Nb5 Ba4 22. Ra1 Bxb5 23. Bxb5 Rd8 24. g4 Nc8 25. h4 Nd6 26. Bd3 a5 27. Bd2 Ra8
28. e5 Nc8 29. f4 h6 30. f5 Ne7 31. Be4 Ra7 32. f6 Ng6 33. e6 gxf6 34. Bxh6 Ne7
35. Rf1 d3 36. Rxf6 Ng6 37. exf7+ Kh8 38. f8=Q+ Nxf8 39. Rxf8# {1-0 Koskoska,
G-Lang,H/Erevan olw 1996}) 15. axb5 (15. Qf4 Qxf4 16. Nxf4 Bc8 17. Be2 O-O 18.
Nd3 f5 19. e5 Nd5 20. Bg5 Rde8 21. Bh5 Re6 22. Rfe1 f4 23. axb5 axb5 24. Ra8 h6
25. Bxf4 Bxf2 26. Nxf2 Nxf4 27. Bf3 Bd7 28. Ra7 Nxg2 29. Bxg2 Rxf2 30. Rxc7 Rd2
31. Bh3 Rxe5 32. Rxe5 Bxh3 33. Re8+ Kh7 34. Re1 Bg2+ 35. Kg1 Bd5 36. Ree7 Rg2+
37. Kf1 h5 38. h4 Kh6 39. Ke1 Rg4 {Chandler,M-Khalifman,A/BL9394 1994/1/2-1/2 
(51)}) 15... axb5 16. Ng3 O-O 17. Qe2 Kh8 18. Be3 f5 19. Bxb6 cxb6 20. exf5
Bxf5 21. Nxf5 Nxf5 22. Ra7 Rde8 23. Rf7 Nd6 24. Re1 Rg8 25. Re7 Rxe7 26. Qxe7
Qxe7 27. Rxe7 Re8 28. Rxe8+ Nxe8 29. f4 Nd6 30. g4 g6 31. Kg2 b4 32. Kf3 Kg7
33. h4 c5 34. Ke3 {1/2-1/2 Wells,P-Gretarsson,H/Berliner Sommer 1995}) 11...
bxa4 $5 $146 (11... Be5 12. f4 bxa4 13. fxe5 Qxe5 14. Qe2 Nf6 15. Bf4 Qh5 16.
Qc2 O-O 17. Rae1 Bxa2 18. Qxa4 Rxd3 19. Qxa2 Qc5+ 20. Kh1 Re8 21. Bxc7 Rd7 22.
e5 Ng4 23. b4 Qd5 24. Qxd5 cxd5 25. Bd6 f6 26. exf6 Rxe1 27. f7+ Rxf7 {1/2-1/2
Relange,E-Smyslov,V/Cannes mT 1996}) 12. cxd4 Qxd4 13. Qg5 h6 (13... Qxd3 $2
14. Qxg7 Qd4 $140 (14... Nf6 {doesn't help} 15. Qxh8+ Ke7 16. Qg7 Rg8 17. Qh6
Qxe4 (17... Qh3 18. g3 $1 $18) 18. Bg5 Rg6 19. Qh4 $18) 15. e5 $18) (13... a3
$2 14. Be3 $1 h6 15. Qg3 $8 (15. Bxd4 $4 hxg5 16. Bxg7 Rh7 $19) 15... Qxb2 (
15... Qxd3 $2 16. Qxg7 axb2 17. Rab1 f6 18. Rxb2 $1 (18. Qxh8 $5 Qc2 19. e5 $1)
18... Bc4 19. Re1 Qc3 20. Rbb1 $1 $18) 16. Rab1 Qc3 17. Rbc1 Qxd3 (17... Qb2
18. Rc2 Qf6 19. e5 $18 {[%csl Rg7]}) 18. Qxg7 Bxa2 19. Qxh8 f6 20. Bxh6 $18) (
13... Nf6 $5 14. e5 (14. Bc2 O-O {[%cal Gf6e4,Ga4a3]}) 14... Qxd3 (14... Ng4
15. Qxg7 Qxe5 16. Qxe5 Nxe5 17. Bc2 $14) 15. exf6 (15. Qxg7 $2 Rg8 16. Qxf6
Rxg2+ $1 17. Kxg2 Bh3+ 18. Kg1 Qxf1#) 15... gxf6 $1 16. Qxf6 (16. Qg7 Ke7)
16... Rg8 17. Bg5 Rd7 {[%cal Gd3d5,Rd5g5,Rd5g2,Gd3g6]}) 14. Qg3 Nf6 (14... a3
$2 {see 13...a3?}) (14... Qxd3 $2 15. Qxg7 Qd4 16. e5 {[%csl Rh8]} Qg4 17. Qxh8
Bd5 18. f3 (18. g3 $4 Qf3 19. Qxg8+ Ke7) 18... Bxf3 19. Rxf3 Rd1+ 20. Kf2 $18)
15. Bc2 $8 (15. Be3 $2 Qxd3 16. Qxg7 Rg8 17. Qxf6 Qxe4 18. g3 Bh3 $19) 15...
Nxe4 $1 {[]} (15... Qc4 $6 16. Qxg7 $1 (16. Bd1) 16... Ke7 (16... Rg8 17. Qxf6
Qxc2 18. Bxh6 $1 Rg6 (18... Qxe4 19. Bg5 $1) 19. Qh8+ Ke7 20. Qe5 Rdg8 (20...
Rxh6 $2 21. Qg5+ Rf6 22. e5) 21. Qxc7+ Bd7 22. Qe5+ Be6 23. Be3 $1 $18 {
[%csl Re7]}) 17. b3 $1 {[%cal Gc1a3]} Qxc2 18. Ba3+ c5 (18... Kd7 19. Qxf6 $16
{[%csl Rd7]}) 19. Rfc1 Qxe4 (19... Nh5 20. Qe5 Qe2 21. Bxc5+ Kd7 22. Bb6 $3 $18
cxb6 $140 23. Rc7+ Ke8 24. Qxh8#) 20. Bxc5+ Kd7 21. Qxf6 Rhg8 22. f3 (22. Qd4+
$11) 22... Qe2 23. Bf2 $16 {[%csl Rd7]} Rxg2+ $140 24. Kxg2 Rg8+ 25. Kh1 Qxf2
26. Rd1+ $3 (26. Rg1 Bd5 $1 27. Qf5+ Kd6 $1 28. Qf4+ Kd7 29. Qf5+ $11 (29.
Qxa4+ $2 c6 $19)) 26... Kc8 27. Rg1 $18) 16. Qa3 $1 {[%csl Ra4][%cal Ya3f8,
Gc1e3]} (16. Bxe4 Qxe4 17. Qxg7 Rh7 {and Black is OK.}) (16. Qxc7 Qc4 17. Bxe4
Qxe4 18. Qxa7 O-O $11) 16... Nd6 $1 (16... Qc4 17. Bxa4 {[%cal Ga4b3,Gc1e3,
Ga1c1]}) 17. Rd1 (17. Bxa4 $5 Nb5 18. Bxb5 cxb5 19. Be3 Qa4 $1 (19... b4 20.
Qa4+ Qd7 21. Qxb4) 20. Qc5 $1 Rd7 (20... Qc4 21. Qxa7 O-O 22. b3 $1 $14 (22.
Rfc1 Qe2 {[%cal Ge2b2]})) 21. b3 {[%csl Re8][%cal Ga1d1]} Qg4 22. Qxb5 O-O 23.
Bxa7 $140 c6 $132) 17... Qc4 18. Bxa4 (18. Qxa4 O-O) 18... O-O 19. Be3 {
I think Black had a slight advantage and could go on.Here is approximate
continuation:} (19. Be3 Nb5 20. Bxb5 cxb5 (20... Rxd1+ $5 21. Rxd1 cxb5 22.
Qxa7 Qxa2 (22... Qe2 $5)) 21. Rdc1 (21. Qxa7 Qxa2) 21... Qe2 $1 22. Re1 (22.
Qxa7 Qxb2 $15) 22... Qg4 {[%cal Ge6d5]}) 1/2-1/2

[Event "Cannes Generations"]
[Site "Cannes"]
[Date "1998.??.??"]
[Round "2"]
[White "Shaked, Tal"]
[Black "Spassky, Boris Vasilievich"]
[Result "0-1"]
[WhiteElo "2535"]
[BlackElo "2535"]
[Annotator "Mikhalevski,V"]
[PlyCount "46"]
[EventDate "1998.02.21"]
[EventType "schev"]
[EventRounds "8"]
[EventCountry "FRA"]
[SourceTitle "CBM 065"]
[Source "ChessBase"]
[SourceDate "1998.08.06"]
[SourceVersion "1"]
[SourceVersionDate "1998.08.06"]
[SourceQuality "1"]

1. e4 e5 2. Nf3 Nc6 3. d4 exd4 4. Nxd4 Nxd4 5. Qxd4 Ne7 6. Nc3 Nc6 7. Qe3 (7.
Qd1 a6 8. Be3 Bb4 9. a3 Bxc3+ 10. bxc3 O-O 11. Be2 Re8 12. Bf3 Ne5 13. Bd4 Qh4
14. Bxe5 Rxe5 15. O-O d6 16. g3 Qf6 17. c4 Be6 18. Bg2 Bxc4 19. Re1 Rae8 20. f4
R5e7 21. Qd2 h6 22. Qb4 Qd4+ 23. Kh1 Rxe4 24. Bxe4 Rxe4 25. Rad1 Rxe1+ 26. Rxe1
Bd5+ {0-1 Floridia,P-Santos,L/Siegen olm 1970}) 7... g6 $146 {Black usually
tried other moves.} (7... Bb4 8. Bd2 (8. Bc4 O-O 9. O-O d6 10. Nd5 Bc5 11. Qg5
Qxg5 12. Bxg5 Be6 13. Bb5 Bxd5 14. exd5 Nb4 15. c4 Nd3 16. Rab1 a6 17. Ba4 a5
18. b3 h6 19. Bh4 f5 20. Rfd1 Ne5 21. Kh1 Ng6 22. g3 Bxf2 23. Rf1 Be3 24. Rbe1
f4 25. gxf4 Bxf4 26. Bf2 Ne5 27. Bd4 b6 28. Kg2 g5 29. Re4 Rf6 30. Bxe5 dxe5
31. Bd7 Rd8 32. Be6+ Kf8 {Totsky,L-Keitlinghaus,L/Mlada Boleslav op 1993/1/2-1/
2 (45)}) 8... O-O 9. Bc4 d6 10. O-O Be6 11. Nd5 Bxd2 12. Qxd2 Bxd5 13. exd5 Ne5
14. Be2 Re8 15. Rae1 Nd7 16. Bb5 Rxe1 17. Rxe1 Nf6 18. c4 h6 19. h3 a6 20. Ba4
b5 21. cxb5 axb5 22. Bxb5 Rxa2 23. Bc6 Qb8 24. Re2 Qb3 25. Kh2 Kh7 26. Qd4 Kg8
27. Qd2 Kh8 28. Qc1 Kg8 29. Qd2 Kh8 30. Be8 Kg8 31. Re7 Qxb2 32. Bxf7+ {
Handoko,E-Kagan,N/Genting zt 1995/1/2-1/2 (100)}) (7... Nb4 8. Bd3 Be7 9. Nd5 (
9. Bd2 O-O 10. O-O-O Nxd3+ 11. Qxd3 d6 12. Nd5 Be6 13. Bc3 Bxd5 14. Qxd5 Bf6
15. Rd3 Bxc3 16. Rxc3 Rc8 17. f3 b6 {1/2-1/2 Borocz,I-Keitlinghaus,L/FSGM Feb,
Budapest HUN 1998}) 9... Nxd3+ 10. Qxd3 O-O 11. Bd2 Re8 12. O-O-O d6 13. Ba5 b6
14. Bc3 Bf8 15. Qg3 Kh8 16. Qf4 c6 17. Ne3 b5 18. h4 Qe7 19. f3 Kg8 20. g4 a5
21. b3 b4 22. Bb2 a4 23. Nf5 Bxf5 24. gxf5 f6 25. h5 axb3 26. axb3 Ra2 27. h6
Qa7 28. hxg7 Bxg7 29. Qxd6 Ra8 30. Qd4 Qf7 31. Rdg1 c5 32. Qxf6 Qxf6 33. Bxf6
R8a7 34. e5 c4 35. bxc4 b3 36. cxb3 Rf2 37. e6 Rxf3 38. e7 Kf7 39. Rxg7+ Kxf6
40. e8=Q Kxg7 {1-0 Schmidt,W-Velimirovic,D/Rubinstein mem 1964}) (7... Be7 8.
a3 O-O 9. b4 Bf6 10. Bc4 Ne5 11. Be2 h6 12. Bb2 d6 13. h3 Ng6 14. Rb1 c6 15. b5
d5 16. Qd2 d4 17. Na4 cxb5 18. Bxb5 a6 19. Bd3 Qd6 20. Qb4 Qxb4+ 21. axb4 Re8
22. O-O Be6 23. b5 axb5 24. Bxb5 Red8 25. Nc5 Rac8 26. Nxb7 Rxc2 27. Rfc1 Rxc1+
28. Rxc1 Rb8 29. Ba6 Bc8 30. Nc5 Bxa6 31. Ba1 Bc8 32. Rd1 Nf4 33. Kf1 Rb5 34.
Nd3 Nxd3 35. Rxd3 Rb1+ 36. Ke2 Ba6 37. Bxd4 Bxd4 38. Kd2 Bxd3 39. Kxd3 Bxf2 40.
Ke2 Rb2+ 41. Kf1 Bg3 42. e5 Rf2+ 43. Kg1 Re2 44. h4 Re1# {0-1 Carrilho,S-Phiri,
K/WchJM-U16 1992}) (7... d6 8. Bc4 Be6 9. Bb3 Be7 10. O-O O-O 11. Bd2 Qd7 12.
Nd5 Rfe8 13. Bc3 Bxd5 14. Bxd5 Bf8 15. f4 a6 16. Qg3 Rab8 17. f5 Ne5 18. f6 g6
19. Rf4 c6 20. Bb3 b5 21. a3 Nc4 22. Rd1 d5 23. Qh4 Kh8 24. Bxc4 bxc4 25. exd5
cxd5 26. Rxc4 Qb5 27. Rb4 Bxb4 28. Bxb4 Qb6+ 29. Qd4 Qxd4+ 30. Rxd4 a5 31. Bc3
Rb5 32. Kf2 g5 33. Kf3 h5 34. h4 g4+ 35. Kf4 Kh7 36. Ra4 Kg6 37. Be5 Rc8 38.
Bc3 Rbc5 39. Ke3 Rxc3+ 40. bxc3 Rxc3+ 41. Kd4 Rxc2 42. Rxa5 Rxg2 43. Kxd5 Rh2
44. Ke5 Rxh4 45. Ra8 Rh3 46. Rg8+ Kh6 47. Rg7 Re3+ 48. Kf5 Rf3+ 49. Ke5 Rxa3
50. Rxf7 Re3+ 51. Kf5 Rf3+ 52. Ke6 Re3+ 53. Kf5 Rf3+ {1/2-1/2 Gretarsdottir,
G-Ingibergsson,V/Hellir, Reykjavic ICL 1997}) 8. Bd2 Bg7 9. O-O-O Qf6 10. f4
O-O (10... d6 $5 11. e5 $140 dxe5 12. Nd5 Qd6 13. Bc3 O-O $13) 11. e5 Qe6 12.
Qe4 {[%cal Gf1c4,Gc3d5]} d6 13. Bc4 (13. Nd5 $6 dxe5 (13... f5 14. Qa4 $1) 14.
Nxc7 $140 $2 (14. Bc4 Qd6) 14... Qxa2) 13... Qe8 (13... Qf5 14. Qxf5 Bxf5 15.
exd6 cxd6 16. Nb5 $14 {[%csl Rd6]}) 14. Nd5 $6 (14. exd6 $1 Bxc3 (14... cxd6
$14 {[%csl Rd6]}) 15. Qxe8 Bxd2+ (15... Bxb2+ 16. Kxb2 Rxe8 17. dxc7 Re7 18.
Rhe1 $16) 16. Rxd2 Rxe8 17. d7 Re7 $1 (17... Bxd7 $2 18. Rxd7 Re7 19. Rxe7 Nxe7
20. Rd1 $16 {[%cal Gd1d7]}) (17... Rd8 18. Rhd1 $1 $14 {[%csl Rf7]}) 18. d8=Q+
(18. Rhd1 $5) 18... Nxd8 19. Rxd8+ Kg7 20. Bd5 $5 $14 {[%cal Gd8a8]}) 14... Bf5
(14... Qd8 15. exd6 (15. Bc3 Bf5 16. Qf3 dxe5 $1) 15... Bf5 (15... Qxd6 $2 16.
Bb4 $1 Nxb4 17. Ne7+) 16. Qf3 Qxd6 17. Bc3 $14) 15. Qe3 dxe5 $1 16. Nxc7 Qc8
17. Nd5 $2 (17. Nxa8 Nd4 $1 {[%cal Gc8c2,Gd4c2,Gf5c2]} 18. b3 (18. Bd3 $6 Nxc2
19. Bxf5 Nxe3+ 20. Bxc8 Rxc8+ 21. Bc3 Nxd1 22. Rxd1 exf4 $1 23. Rd7 Rxa8 24.
Rxb7 $15) 18... exf4 $5 (18... Nxc2 19. Qxa7 $1) 19. Qe7 (19. Qxf4 $4 Ne2+ 20.
Bxe2 Qxc2#) 19... Bxc2 $1 $36 {[%cal Rc2d1,Rc2b3]}) 17... Re8 {[%cal Gc6d4]} (
17... Nd4 $4 18. Ne7+) 18. Bc3 Nd4 $1 {[%csl Rc2][%cal Gc8c4]} 19. fxe5 $2 (19.
Bd3 Bxd3 20. Qxd3 (20. Rxd3 Qc4) 20... Qc5 $1 21. fxe5 (21. Bxd4 exd4 22. Qb3
Re2 $17 23. Rhe1 Rxg2 24. Re7 $140 $2 Rd8 $1 25. Nf6+ Kh8 $1 {[%csl Rc2]})
21... Qxd5 22. Kb1 $1 Bxe5 23. Bxd4 Bxd4 24. Qxd4 Qxg2 $17) (19. Bb3 exf4 $1
20. Ne7+ Rxe7 21. Qxe7 Nxb3+ 22. axb3 Bxc3 23. bxc3 Qxc3 24. Rd8+ $8 (24. Rd2
Qa1#) 24... Rxd8 (24... Kg7 25. Qf8+) 25. Qxd8+ Kg7 26. Qd1 Be4 $1 $17 {
[%csl Rc2,Rg2]}) 19... Qxc4 20. Qxd4 Qxa2 {[%csl Rc1][%cal Ga8d8,Rg7h6]} 21.
Qh4 h5 $1 $19 {[%csl Rc1][%cal Rg7h6]} (21... Rad8 $2 22. Ne7+ Kf8 (22... Kh8
23. Nxg6+ (23. Rxd8 Qa1+ 24. Kd2 Rxd8+ 25. Ke3 Rd1 $8 $13 (25... Qxh1 $4 26.
Nxg6+ $1 {[%cal Gh4d8]})) 23... Bxg6 24. Rxd8 $18) 23. Nxg6+ fxg6 24. Rxd8 Qa1+
25. Kd2 Qxh1 26. Bb4+ $18) 22. Qg5 (22. Nf4 Bh6 $1 $19) 22... Rad8 23. Ne7+ (
23. b3 Qxc2#) 23... Kh7 {[%cal Ra2a1,Rg7h6]} 0-1

[Event "EU-chT (Men) 12th"]
[Site "Batumi"]
[Date "1999.12.01"]
[Round "3.3"]
[White "Nataf, Igor Alexandre"]
[Black "Romanishin, Oleg M"]
[Result "0-1"]
[WhiteElo "2504"]
[BlackElo "2567"]
[Annotator "Mikhalevski,V"]
[PlyCount "88"]
[EventDate "1999.11.06"]
[EventType "team-swiss"]
[EventRounds "9"]
[EventCountry "GEO"]
[SourceTitle "CBM 074"]
[Source "ChessBase"]
[SourceDate "2000.02.01"]
[SourceVersion "1"]
[SourceVersionDate "2000.02.01"]
[SourceQuality "1"]
[WhiteTeam "France"]
[BlackTeam "Ukraine"]
[WhiteTeamCountry "FRA"]
[BlackTeamCountry "UKR"]

1. e4 e5 2. Nf3 Nc6 3. d4 exd4 4. Nxd4 Bc5 5. Nxc6 Qf6 6. Qd2 dxc6 7. Nc3 Ne7 {
Black comes back to the well-known line while Morozevich's 7...Qe7 probably
didn't pass the test of time,however in my opinion it's playable.} 8. Qf4 Qe6 {
This favourite Goldin's move is becoming popular these days.} 9. Bd3 ({I think
} 9. Qxc7 {has to be checked more seriously as so far a clear equality wasn't
shown yet.} Bb4 (9... O-O 10. Bd3 Ng6 11. Qg3 (11. Be3 $6 Bxe3 12. fxe3 Qe5 13.
Qxe5 Nxe5 14. h3 Be6 $11 {1/2-1/2 Berelovich,M-Grischuk,A/Moscow 1998/EXT 99 
(36)}) 11... f5 12. f4 fxe4 13. Nxe4 Bd7 14. Bd2 Rae8 15. Bc3 Bd6 16. O-O Rxf4
17. Nxd6 Qxd6 18. Rfe1 Qc5+ 19. Kh1 Ref8 20. h3 R4f7 21. a3 a5 22. Bxg6 hxg6
23. Qxg6 Bf5 24. Qg5 Qf2 25. Rf1 Qxc2 26. Rac1 Qd3 27. Rf3 Qe4 28. Re1 Qc2 29.
Rg3 g6 30. Rc1 Qe4 31. Re1 Qc2 32. Rf3 {[%cal Ge1f1] and Black is defenceles
against Rf1 with the idea Rf5. 1-0 Rublevsky,S-Goldin,A/Tivat 1995/CBM 48 ext 
(32)}) 10. Be3 Bxc3+ (10... Qxe4 $2 11. O-O-O $1 $18 {[%csl Rd8,Re4][%cal
Gd1d8]}) 11. bxc3 Qxe4 12. Bd3 Qe6 13. O-O (13. c4 $5) 13... O-O 14. Bc5 Re8
$14 {1/2-1/2 Sax,G-Skatchkov,P/Pardubice 1996/CBM 55 ext (52)}) (9. Be3 Bd6 10.
Qg5 h6 11. Qh5 O-O 12. Bd3 f5 13. exf5 Nxf5 14. O-O Nxe3 15. fxe3 Bd7 16. Ne4
Rae8 17. b3 Qe5 $11 {1-0 Ashley,M-Goldin,A/Philadelphia 1997/CBM 60 ext (60)})
(9. Qg5 $6 {Batsanin-Goldin 1997/CBM60[Mikhalevski V]}) ({In the recent game} 
9. Be2 {was checked,but White didn't get much from the opening.} O-O 10. O-O
Ng6 11. Qg3 Qd6 12. Na4 Bd4 13. Rd1 Qf6 14. Qf3 Re8 15. Qxf6 Bxf6 16. f3 Be5
17. Be3 b6 18. Bd4 Bd6 19. Bf1 f5 20. Bc4+ Kh8 21. Nc3 Ne5 22. Bf1 {1/2-1/2
Van der Wiel,J-Grischuk,A/Batumi GEO 1999 (22)}) 9... O-O 10. O-O (10. Qg5 {
looks strange,but White managed to get a slight adge after} f5 11. O-O h6 12.
Qh5 Bb6 13. exf5 Nxf5 14. Bd2 Qe8 15. Qxe8 Rxe8 16. Rfe1 Bd7 17. Rxe8+ Rxe8 18.
Re1 Rf8 19. Ne4 Nd6 20. Be3 $14 {0-1 Rouchouse,S-Flear,G/Montpellier 1997/EXT
99 (59)}) (10. Qxc7 {see 9.Q:c7}) 10... Ng6 11. Qg5 (11. Qg3 {was played twice
against Flear,but White didn't get much in both games.} Qd6 12. Bd2 (12. Ne2 f5
13. Nf4 fxe4 14. Nxg6 Qxg6 15. Qxg6 hxg6 16. Bxe4 Bf5 17. Bxf5 Rxf5 18. Be3
Bxe3 (18... Re8 $5 19. Rae1 Rfe5 20. Bd2 Re2 $1) 19. fxe3 Rd8 $11 {1/2-1/2
Baklan,V-Flear,G/1998-9 French Team Ch FRA 1999 (62)}) 12... f5 13. exf5 Qxg3
14. hxg3 Bxf5 15. Bxf5 Rxf5 16. Ne4 Bb6 17. Rfe1 Ne5 18. Be3 Nc4 19. Bxb6 axb6
20. b3 Nd6 21. a4 b5 22. a5 Re5 23. Nxd6 Rxe1+ 24. Rxe1 {1/2-1/2 Nunn,J-Flear,
G/Hastings 1996/CBM 57 (24)}) ({In case of} 11. Qxc7 Ne5 {Black creates strong
pressure.}) 11... Qe5 12. Kh1 ({Half a year ago young Romanian swaped queens
and won against current FIDE World Champion,but certainly the opening wasn't
the decisive factor.} 12. Qxe5 Nxe5 13. Be2 Bg4 14. Bxg4 Nxg4 15. h3 Nf6 16.
Re1 Rfe8 17. Kf1 Bb4 18. f3 Rad8 19. Bf4 Rd7 20. Rad1 Bxc3 21. bxc3 Red8 22.
Rxd7 Rxd7 23. Ke2 Kf8 24. g4 Ne8 25. h4 Nd6 26. h5 Nb5 27. Bd2 f6 28. Rg1 h6
29. Rd1 Ke7 30. Be1 Rxd1 31. Kxd1 c5 $11 {1-0 Nisipeanu,L-Khalifman,A/Las
Vegas USA 1999 (59)}) 12... Qxg5 $146 {[%mdl 8] Only this move is a novelty} ({
In the only preceding game Black played} 12... Be6 $5 {and had got better
chances after inaccurate} 13. Be3 $6 Qxg5 14. Bxg5 f6 15. Bd2 Ne5 16. Be2 Rad8
17. Bf4 b5 18. f3 Rd7 19. Rad1 Bd4 20. Rd2 Rfd8 21. Bxe5 Bxe5 22. Rxd7 Rxd7 23.
a3 a5 $15 {0-1 Waldmann,G-Jankovic,A/Pula CRO 1999 (41)}) 13. Bxg5 f6 14. Bc4+
$6 {It was wiser to refrain from check and retreat immediately.After the check
Black will be able to advance queen's side pawns with tempo.} (14. Bd2 $142)
14... Kh8 15. Bd2 b5 16. Be2 a5 {[%cal Ga5a4] Black is strengthening his
position on the queen's side.} 17. f4 (17. a4 {is met with} b4 {[%cal Gf6f5]
following by} 18. Z0 f5) 17... Ba6 {[%cal Gb5b4]} 18. Rae1 {White has to
defend against the threat} (18. Z0 {of} b4 19. Na4 (19. Bxa6 bxc3 $19) 19...
Bxe2 20. Rfe1 Bd6 {[%csl Rf4]}) 18... Rfd8 19. Bc1 a4 {[%cal Ga6b7] Black is
preparing unpleasant b4 retrieving first to b7 with the bishop.For this
purpose 19...a4 is very useful.} 20. g3 Bb7 21. a3 Bf8 {Black wants to play
b5-b4 with comfort.} ({Immediate} 21... b4 {deserved attention,but Romanishin
didn't like that after} 22. Nb1 {he can't support the b-pawn with help of c5.
That's why Bf8 was played.}) 22. h4 {White doesn't take 22...b4 very seriously.
} ({It was better to move the rook out of possible pin in case of 22...b4 23cb
B:b4.} 22. Rd1 $5) 22... b4 23. Nb1 c5 {[%csl Re4][%cal Gb7e4]} 24. Bf3 Ne7 {
[%cal Ge7c6,Gc6d4][%mdl 32] Making the knight active.} 25. g4 $6 {Nataf
ignores Black's plan.} (25. e5 Bxf3+ 26. Rxf3 Nf5 {[%cal Gf5d4]}) (25. Be3 $1 {
was interesting in order to meet 25...Nc6 with 26.e5} Nc6 (25... Rab8 {[%cal
Ge7c6] defending the bishop and preparing Nc6 is dangerous as} 26. Bxc5 {
is possible and prepared counterblow} Nf5 {doesn't work:} 27. Bxf8 Nxg3+ 28.
Kg2 Nxf1 29. Bxb4 Ba6 30. Rxf1 Bxf1+ 31. Kxf1 $16) 26. e5 $1) 25... Rab8 26.
Kg2 Nc6 27. Nd2 $2 {[%mdl 16384] Here and on the previous move 27.e5 was
better.Now Black takes full control under position.} (27. e5 $142) 27... Nd4
28. Bd1 Ba6 $15 {Finally black pieces has been coming to life.} 29. Rf2 bxa3
30. bxa3 c4 {[%cal Gc4c3] Black's initiative is taking serious outlines and
Frenchman doesn't stand the pressure and takes a hasty decision.} 31. c3 $2 {
[%mdl 16384] Serious strategical concession.} (31. Nf3 {was necessary and
White's position is still playable.}) {Now after} 31... Nb3 {White will have
to create strong defended pass pawn on b3 which in fact brings easy victory to
Black.} 32. Nxb3 (32. Bc2 {was more stubborn,but couldn't save:} Nxc1 33. Rxc1
Bxa3 34. Ra1 Bc5 35. Re2 Rb2 $19) 32... cxb3 33. Kg3 Bc5 34. Rh2 Rd3+ 35. Bf3
Rxc3 $19 {The rest is clear.} 36. g5 Bd4 37. Bb2 Rd3 38. Bxd4 Rxd4 {[%cal
Gc7c5,Gc5c4,Gc4c3]} 39. e5 fxe5 40. fxe5 Rd3 $1 41. e6 Bb7 42. e7 (42. Rf2 $142
) 42... Rxf3+ 43. Kg4 Re8 44. Rd2 Kg8 0-1